000 00510nam a22001817a 4500
999 _c159940
_d159940
005 20190110152752.0
010 _aB-093489
020 _a8178330709
_c1100.00
035 _aB-093489
037 _bAsia Pacicfic Business Press
082 _a660.6
100 _aBoard NIIR
245 _aBiotechnology:
_bHandbook
_cby NIIR Board
260 _aNew Delhi
_bAsia Pacifc Business
300 _a681p.
_c22cm
942 _2ddc
_cEN
_h660.6
_mBIO